书目信息 |
| 题名: |
细节决定长寿
|
|
| 作者: | 顾勇 主编 | |
| 分册: | II 职场健康课 | |
| 出版信息: | 天津 天津科技翻译出版公司 2008.03 |
|
| 页数: | 260页 | |
| 开本: | 23cm | |
| 丛书名: | ||
| 单 册: | ||
| 中图分类: | R161 | |
| 科图分类: | ||
| 主题词: | 保健--bao jian--基本知识 | |
| 电子资源: | ||
| ISBN: | 978-7-5433-2121-2 | |
| 000 | 00811nam0 2200241 450 | |
| 001 | 012008572639 | |
| 005 | 20080419110001.23 | |
| 010 | @a978-7-5433-2121-2@dCNY19.80 | |
| 100 | @a20080419d2008 em y0chiy0120 ea | |
| 101 | 0 | @achi |
| 102 | @aCN@b120000 | |
| 105 | @ay z 000yy | |
| 106 | @ar | |
| 200 | 1 | @a细节决定长寿@Axi jie jue ding chang shou@hII@i职场健康课@f顾勇主编@Fgu yong zhu bian |
| 210 | @a天津@c天津科技翻译出版公司@d2008.03 | |
| 215 | @a260页@d23cm | |
| 330 | @a本书共有12章,包括:养成健康饮食好习惯,适当加强体育锻炼,保证充足睡眠,避免沉重的工作压力,保持心理的平衡等。 | |
| 517 | 1 | @a职场健康课@Azhi chang jian kang ke |
| 606 | 0 | @a保健@Abao jian@x基本知识 |
| 690 | @aR161@v4 | |
| 701 | 0 | @a顾勇@Agu yong@4主编 |
| 801 | 0 | @aCN@bQSSK@c20080419 |
| 905 | @b293523-25@dR161@eG522:2@f3 | |
| 细节决定长寿.II.职场健康课/顾勇主编.-天津:天津科技翻译出版公司,2008.03 |
| 260页;23cm |
| ISBN 978-7-5433-2121-2:CNY19.80 |
| 本书共有12章,包括:养成健康饮食好习惯,适当加强体育锻炼,保证充足睡眠,避免沉重的工作压力,保持心理的平衡等。 |
| ● |
| 相关链接 |
|
|
|
正题名:细节决定长寿
索取号:R161/G522:2
 
预约/预借
| 序号 | 登录号 | 条形码 | 馆藏地/架位号 | 状态 | 备注 |
| 1 | 293523 | 202935235 | 自科库401/401自科库 3排3列1层/ [索取号:R161/G522:2] | 在馆 | |
| 2 | 293524 | 202935244 | 自科库401/401自科库 3排3列1层/ [索取号:R161/G522:2] | 在馆 | |
| 3 | 293525 | 202935253 | 自科库401/401自科库 3排3列1层/ [索取号:R161/G522:2] | 在馆 |